000
00290nam a2200133Ia 4500
100
_a
Krick. E V.
942
_c
BK
654
_a
Engineering methods.
245
_a
Methods engineering.
260
_b
WILEY EASTERN LIMITED
_c
2001
082
_a
658.3024
300
_a
530
546
_a
ENGLISH
999
_c
26711
_d
26711